Kraków - linia tramwajowa nr 4 - Statystyki

Ogólne statystyki
  • Ten quiz został rozwiązany 7 razy
  • Średni wynik to 19 z 34
Statystyki odpowiedzi
Hint Odpowiedź % Poprawnych
6. Biprostal
75%
3. (Pętla pośrednia) Bronowice
75%
Pętla Bronowice Małe
75%
1. Bronowice SKA
75%
4 Głowackiego
75%
13. Lubicz
75%
8. Plac Inwalidów
75%
14. Rondo Mogilskie
75%
11. Stary Kleparz
75%
9. Stefana Batorego
75%
10. Teatr Bagatela
75%
12. Teatr Słowackiego
75%
5. UKEN
75%
28. (Zajezdnia Nowa Huta) Zajezdnia Nowa Huta
75%
19. AKF/PK
50%
16. Białucha
50%
15. Cystersów
50%
21. Czyżyny
50%
18. Muzeum Lotnictwa
50%
23. Os. Kolorowe
50%
24. Plac Centralny im. R. Reagana
50%
22. Rondo Czyżyńskie
50%
20. Stella-Sawickiego
50%
25. Struga
50%
17. (Pętla pośrednia) TAURON Arena Kraków Wieczysta
50%
2. Wesele
50%
Pętla Wzgórza Krzesławickie
50%
26. Zalew Nowohucki
50%
31. Darwina
25%
29. Elektromontaż
25%
32. Jarzębiny
25%
27. Kombinat
25%
7. Urzędnicza
25%
30. Grodzki Urząd Pracy
0%
Nie znaleziono quizów pasujących do podanych kryteriów
Rozkład punktacji
Procent ludzi z każdym wynikiem
Percentyl według liczby udzielonych odpowiedzi
Twoja historia wyników
Nie rozwiązałeś tego quizu